000 00440nam a2200145Ia 4500
008 230917s9999||||xx |||||||||||||| ||und||
040 _e228107
_aMAIN
041 _aEnglish
082 _a658.4092 G959L
100 _aGupta,Subhash Chandra
245 0 _aLeadership effectiveness in Indian Universities:A study of state funded and privately owned universities in India
260 _aRohtak
_bM.D.U
_c2015
300 _a401 p.
942 _cTH
999 _c126697
_d126697